00855nam a2200217 i 4500001000700000003000900007005001700016007000300033008004100036100003300077245010900110260003800219300002200257490004700279650006600326700002700392830005500419852002200474999001900496952012200515144643ES-MaACL20230906201051.0t|070214s1959 sp |||| | spa d1 aSimon, Pierre-Henri.910652910aLiteratura del pecado y de la gracia b: (en Francia) / cP. H. Simon ; [versión... de F. Sanmartí]. aAndorra : bCasal y Vall, c1959. a139 p. ; c19 cm.1 aEnciclopedia del católico en el siglo XX 4aLiteratura religiosa francesa-xHistoria y crítica.91642310 aSanmartí, F.91031800 aEnciclopedia del católico en el siglo XX9187372 aES-MaACLjC-25459 c144643d144643 00104070aATENEOMbATENEOMcDEPO2d2008-01-17eSCl0oC-25459p1150756r2023-02-23 00:00:00w2023-02-23yMONOGRAFIA